| 000 | 00730cam a22002415a 4500 | ||
|---|---|---|---|
| 001 | 011291761 | ||
| 005 | 20171127144527.0 | ||
| 008 | 931206t1993 enka frb 001 0 eng d | ||
| 020 | _a0124666264 | ||
| 020 | _a9780124666269 | ||
| 040 |
_aUk _cUk _beng _dEG-ScBUE |
||
| 082 | 0 | 4 |
_222 _a621.38234 _bMAL |
| 100 | 1 | _aMallinson, John C. | |
| 245 | 1 | 4 |
_aThe foundations of magnetic recording / _cJohn C. Mallinson. |
| 250 | _a2nd ed. | ||
| 260 |
_aSan Diego ; _aLondon : _bAcademic Press, _cc.1993. |
||
| 300 |
_axv, 217 p. : _bill. ; _c24 cm. |
||
| 504 | _aIncludes bibliographical references and index. | ||
| 650 | 7 |
_aMagnetic recorders and recording. _2BUEsh |
|
| 651 | _2BUEsh | ||
| 653 |
_bGGEN _cNovember2017 |
||
| 942 | _2ddc | ||
| 999 |
_c25681 _d25653 |
||